Statistics for Rainbow Six Siege Seasons and Operations

Click here to take the quiz!

General Stats

  • This quiz has been taken 61 times
    (57 since last reset)
  • The average score is 11 of 17

Answer Stats

Operation DescriptionAnswer% Correct
This operation was the first one introduced into the game, bringing with it Buck and Frost. They came along side the map Yacht.Operation Black Ice
89%
This operation brought in Blackbeard and Valkyrie. It also introduced the map Border.Operation Dust Line
70%
This operation was released in purpose of fixing the game's biggest issues, fixing bugs, and improving visuals.Operation Health
66%
This operation released with the two operators, Kali and Wamai. This season, Theme Park was the map that was reworked.Operation Shifting Tides
66%
This operation brought with it Lesion and Ying. They came along side the map Theme ParkOperation Blood Orchid
64%
This operation released with Lion and Finka. It also released with a new mode, Outbreak.Operation Chimera
64%
This operation brought Maverick and Clash into the game. It also released with Hereford Base rework, which is said to be more like a Dework.Operation Grim Sky
64%
This operation introduced Nokk and Warden into the game. Kafe Dostoyevsky was the map that was reworked.Operation Phantom Sight
64%
This operation was released with the operators Dokkaebi and Vigil. It also brought with it the map Tower. (Operation delete tower should be the next operation right?)Operation White Noise
64%
This operation released with Maestro and Alibi. It also released with the map, Villa.Operation Parra Bellum
61%
When this operation released, so did Nomad and Kaid. Along with the two operators, Fortress, the new map was also released.Operation Wind Bastion
61%
With this operation, Gridlock and Mozzie were introduced into the game. Outback was a new map released with this operation.Operation Burnt Horizon
59%
This operation released with the operators Hibana and Echo. It also came along side the new map Skyscraper. (Another bad map.)Operation Red Crow
59%
This operation released with the operators Jackal and Mira. They came with the new map, CoastlineOperation Velvet Shell
59%
This operation was launched with the operators Amaru and Goyo. This season, Kanal was the map that was reworked.Operation Ember Rise
57%
This operation introduced the new operators Capitao, and Caveira. It also introduced the map Favela into the game.Operation Skull Rain
57%
This Operation was just announced and shown recently. The map being reworked is Oregon, and the new operators are Iana and OryxOperation Void Edge
34%

Score Distribution

Percentile by Number Answered

Percent of People with Each Score

Your Score History

You have not taken this quiz since the last reset